Statistics for Animals in Beatles Song Titles

Click here to take the quiz!

General Stats

  • This quiz has been taken 117 times
  • The average score is 7 of 20

Answer Stats

AnimalSong% Correct
dogHey Bulldog
85%
blackbirdBlackbird
83%
birdAnd Your Bird Can Sing, (and others)
66%
pigPiggies
63%
raccoonRocky Raccoon
57%
walrusI Am the Walrus
57%
octopusOctopus's Garden
47%
monkeyEverybody Got Something to Hide Except Me and My Monkey
46%
bullHey Bulldog
37%
jayBlue Jay Way
30%
ponyDig a Pony
28%
antI Want To Hold Your Hand, (and others)
25%
henWhen I'm Sixty Four, (and others)
20%
batShe Came In Through the Bathroom Window
18%
flyFlying
17%
kiteBeing for the Benefit of Mr. Kite
13%
assGlass Onion, Don't Pass Me By
12%
eelI Feel Fine, I've Got a Feeling
11%
tickTicket to Ride
4%
mothYour Mother Should Know, Mother Nature's Son
3%

Score Distribution

Percentile by Number Answered

Percent of People with Each Score

Your Score History

You have not taken this quiz